Animal ou Plante ? - Statistiques

Statistiques générales
  • Ce quiz a été pris 1 097 fois
    1 096 depuis la dernière actualisation
  • Le résultat moyen est 10 sur 15
Statistiques - réponses
Hint Réponse % Correct
Étoile de mer Animal
93%
Fougère Plante
90%
Plante carnivore Plante
85%
Algue verte Plante
82%
Concombre de mer Animal
80%
Anémone de mer Animal
79%
Mousse Plante
77%
Éponge Animal
71%
Coquillage Animal
71%
Corail Animal
63%
Levure Aucun des deux
62%
Bactérie Aucun des deux
60%
Champignon Aucun des deux
54%
Lichen Aucun des deux
26%
Algue brune Aucun des deux
6%
Aucun quiz correspondant
Distribution des résultats
% des personnes avec chaque résultat
Percentile par nombre de réponses
Votre historique - résultats
Vous n’avez pas pris ce quiz depuis la dernière actualisation